01462nam a22002657a 4500003000400000005001700004008004100021017004300062020001800105040002400123245017300147260002800320300002000348500039500368504004100763508004700804546003600851650003800887650005900925650005400984650005501038700003101093700002501124700004701149OSt20240912154451.0190321e201811 spc 000 0 cat|d aDL L 988-2018bBiblioteca de Catalunya a9788494897610 aES-BaICDbcatcCDMR00aDones que surten del paper b: periodistes catalanes que expliquen un país /cFrancesc Canosa Farran, Elena Yeste Piquer [editors] ; Dolors Monserdà [i dinou més] aJuneda :bFonoll,c2018 a214 p. ;c24 cm aRecull textos periodístics publicats entre 1879 i 1936 per Dolors Monserdà, Maria Josepa Massanés, Paulina Reig i Sala, Isabel Serra, Carmen Karr, María Luz Morales, Llucieta Canyà, Irene Polo, Rosa Maria Arquimbau, Aurora Bertrana, Maria Teresa Gibert, Anna Maria Martínez Sagi, Anna Murià, Rafela Ferro, Maria Pi de Folch, Mercè Rodoreda, Conxa Espinalt i Teresa Pàmies  aInclou bibliografia: pàgines 23-24 aAmb el suport de: Generalitat de Catalunya aTextos en català i castellà 4aDones en el periodismezCatalunya 7aDones periodisteszCatalunyaxReculls d'escrits2lemac 7aDonesxCobertura periodísticazCatalunya2lemac 7aDoneszCatalunyaxCondicions socialsyS. XX2lemac1 aCanosa i Farran, Francesc,1 aYeste, Elena,d1984-1 aMonserdà de Macià, Dolors,d1845-1919,